000 00822nmm a2200289 a 4500
003 AR-BaBNM
005 20251128202723.0
008 011101s1969 ||||||||||||||000 | spa||
040 _cAR-BaBNM
100 1 _aSalotti, Martha A.
245 1 0 _aEl jardín de infantes
_bcontribucion experimental
260 _aBuenos Aires
_bKapelusz
_c1969
300 0 _a239 p.
_bil.
504 _aContiene bibliografía p. 226-229
600 1 4 _aAgazzi, Rosa
600 1 4 _aFröbel, Friedrich
_d1782-1852
600 1 4 _aVera Peñaloza, Rosario
_d1873-1950
650 4 _aTEORIAS DE LA EDUCACION
650 4 _aMETODOS DE ENSENANZA
650 4 _aTECNICAS DIDACTICAS
653 0 _aEDUCACION INICIAL
653 0 _aJARDINES DE INFANTES
653 0 _aPEDAGOGOS
653 0 _aEXPERIENCIAS EDUCATIVAS
942 _cBK
998 _cLomberg
999 _c245
_d245